000 00469nam a2200169Ia 4500
003 0STCL
008 150530s9999 xx 000 0 und d
040 _aSTCL
_cSTCL
100 _aHarry Johnson, G.
245 _aWorld economy at the crossroads a survey of currrent problems of money trade and econoic development
250 _aFirst
260 _bOxford Clarendon press
_c1968
546 _aEnglish
942 _2ddc
_cBK
999 _c12281
_d12281
005 20220125165621.0